000
00339nam a2200157Ia 4500
005
20250425161122.0
008
250425s9999 xx 000 0 und d
041
_a
spa
082
_a
530.028
245
0
_a
FISICA EXPERIMENTAL
250
_a
S.E.
260
_a
S.L.
260
_a
Sin Pais
_b
CENC
_c
1960
942
_c
01
010
_a
13089
999
_c
202800
_d
202800